[Event "SVK-ch op 17th corr"]
[Site "Slovakia"]
[Date "2005.??.??"]
[Round "?"]
[White "Bednar, Stanislav"]
[Black "Chripko, Lubomir"]
[Result "0-1"]
[WhiteElo "1700"]
[BlackElo "1700"]
[PlyCount "30"]
[EventDate "2005.09.15"]
[EventType "tourn (corr)"]
[EventRounds "6"]
[EventCountry "SVK"]
[SourceTitle "Corr 2008"]
[Source "ChessBase"]
[SourceDate "2008.06.24"]
[SourceVersion "1"]
[SourceVersionDate "2008.06.24"]
[SourceQuality "1"]

1. d4 Nf6 2. Qd3 d5 3. Bg5 e6 4. a3 c5 5. b3 cxd4 6. Qxd4 Nc6 7. Qa4 Bd7 8. e4 Nb4 9. Bb5 Nxc2+ 10. Kd1 Nxa1 11. e5 Bxb5 12. Qxb5+ Qd7 13. exf6 Qxb5 14. Nd2 Nxb3 15. Ngf3 Rc8 0-1

[Event "SVK-ch op 13th corr"]
[Site "Slovakia"]
[Date "2005.??.??"]
[Round "?"]
[White "Bednar, Stanislav"]
[Black "Rezny, Daniel"]
[Result "0-1"]
[WhiteElo "1700"]
[BlackElo "1500"]
[PlyCount "60"]
[EventDate "2005.04.15"]
[EventType "tourn (corr)"]
[EventRounds "6"]
[EventCountry "SVK"]
[SourceTitle "Corr 2008"]
[Source "ChessBase"]
[SourceDate "2008.06.24"]
[SourceVersion "1"]
[SourceVersionDate "2008.06.24"]
[SourceQuality "1"]

1. d4 Nf6 2. Bf4 d6 3. e3 Nc6 4. Bb5 Bd7 5. f3 a6 6. Bxc6 Bxc6 7. Nc3 e6 8. Bg5 Be7 9. e4 h6 10. Bxf6 Bxf6 11. Qd3 d5 12. e5 Bh4+ 13. g3 Be7 14. a3 Bd7 15. Nge2 c5 16. b3 Qc7 17. f4 b5 18. 0-0 c4 19. bxc4 bxc4 20. Qf3 Rb8 21. Rfb1 Rxb1+ 22. Nxb1 0-0 23. Nec3 Qb6 24. Ne2 Qb2 25. Qc3 Rb8 26. Kg2 f6 27. Nd2 f5 28. Nc1 Qxc3 29. Rb1 Qxd2+ 30. Kh3 Rxb1 0-1

[Event "SVK-ch op 17th corr"]
[Site "Slovakia"]
[Date "2005.??.??"]
[Round "?"]
[White "Bednar, Stanislav"]
[Black "Trembecki, Lubos"]
[Result "0-1"]
[WhiteElo "1700"]
[BlackElo "1700"]
[PlyCount "42"]
[EventDate "2005.09.15"]
[EventType "tourn (corr)"]
[EventRounds "6"]
[EventCountry "SVK"]
[SourceTitle "Corr 2008"]
[Source "ChessBase"]
[SourceDate "2008.06.24"]
[SourceVersion "1"]
[SourceVersionDate "2008.06.24"]
[SourceQuality "1"]

1. d4 Nf6 2. Qd3 d5 3. Bg5 Ne4 4. f4 Nc6 5. c4 Nxg5 6. fxg5 dxc4 7. Qxc4 Qxd4 8. Qc1 e5 9. e3 Qh4+ 10. g3 Qe4 11. Qd2 Qxh1 12. Qg2 Qxg2 13. Bxg2 Bd7 14. Bxc6 Bxc6 15. Nc3 0-0-0 16. Nge2 Bc5 17. Kf2 h6 18. gxh6 Rxh6 19. h4 Rf6+ 20. Ke1 Bxe3 21. Nd1 Bd2# 0-1

[Event "SVK-ch op 13th corr"]
[Site "Slovakia"]
[Date "2005.??.??"]
[Round "?"]
[White "Chripko, Lubomir"]
[Black "Bednar, Stanislav"]
[Result "1-0"]
[WhiteElo "1700"]
[BlackElo "1700"]
[PlyCount "43"]
[EventDate "2005.04.15"]
[EventType "tourn (corr)"]
[EventRounds "6"]
[EventCountry "SVK"]
[SourceTitle "Corr 2008"]
[Source "ChessBase"]
[SourceDate "2008.06.24"]
[SourceVersion "1"]
[SourceVersionDate "2008.06.24"]
[SourceQuality "1"]

1. e4 e5 2. Nf3 d6 3. d4 Bg4 4. dxe5 Bxf3 5. Qxf3 dxe5 6. Bc4 Qd7 7. 0-0 h6 8. Rd1 Bd6 9. Qb3 b6 10. Qg3 g5 11. Nc3 c6 12. Qd3 Ke7 13. Be3 Nf6 14. Ne2 Rd8 15. Ng3 Kf8 16. Nf5 Ng8 17. Qe2 Qc7 18. Qh5 Rd7 19. Bxg5 hxg5 20. Qxg5 Ke8 21. Qxg8+ Bf8 22. Ng7+ 1-0

[Event "SVK-ch op 17th corr"]
[Site "Slovakia"]
[Date "2005.??.??"]
[Round "?"]
[White "Fuzikova, Eva"]
[Black "Bednar, Stanislav"]
[Result "1-0"]
[WhiteElo "1700"]
[BlackElo "1700"]
[PlyCount "47"]
[EventDate "2005.09.15"]
[EventType "tourn (corr)"]
[EventRounds "6"]
[EventCountry "SVK"]
[SourceTitle "Corr 2008"]
[Source "ChessBase"]
[SourceDate "2008.06.24"]
[SourceVersion "1"]
[SourceVersionDate "2008.06.24"]
[SourceQuality "1"]

1. d4 d5 2. Bf4 Bf5 3. e3 e6 4. Bd3 Ne7 5. Nf3 Bg4 6. 0-0 f5 7. c4 b6 8. cxd5 Nxd5 9. Qa4+ Kf7 10. Ne5+ Kg8 11. Nxg4 fxg4 12. Bg3 Qg5 13. e4 Nf4 14. Qc4 Bd6 15. Bxf4 Qxf4 16. Qxe6+ Kf8 17. e5 Nc6 18. exd6 cxd6 19. Re1 Qf6 20. Qd5 Rc8 21. Re6 Qd8 22. Rxd6 Qe7 23. Qf5+ Qf7 24. Qxc8+ 1-0